[Event "Wiesbaden op 29th"]
[Site "Wiesbaden"]
[Date "2017.08.27"]
[Round "6"]
[White "Bauer, Claus"]
[Black "Pohle, Dirk"]
[Result "1-0"]
[WhiteElo "2102"]
[BlackElo "2180"]
[PlyCount "95"]
[EventDate "2017.08.24"]
[EventType "swiss"]
[EventRounds "7"]
[EventCountry "GER"]
[SourceTitle "CBM 180 Extra"]
[Source "ChessBase"]
[SourceDate "2017.10.06"]
[SourceVersion "1"]
[SourceVersionDate "2017.10.06"]
[SourceQuality "1"]

1. d4 e6 2. Nf3 b6 3. e3 Bb7 4. Bd3 f5 5. c4 Nf6 6. 0-0 Be7 7. Nc3 0-0 8. b3 Qe8 9. Bb2 Qh5 10. Ne5 Qh6 11. Qe2 d6 12. Nf3 Ne4 13. Nd2 d5 14. cxd5 exd5 15. Rfc1 Nd7 16. Nf1 Nxc3 17. Rxc3 Bd6 18. a4 a5 19. Ba3 Rae8 20. Bxd6 Qxd6 21. Qc2 c6 22. Bxf5 Nf6 23. Ng3 Kh8 24. Re1 Rg8 25. Bd3 g6 26. Rc1 Kg7 27. h3 Rgf8 28. Ne2 Rf7 29. Ng3 Ref8 30. Rf1 Nd7 31. e4 dxe4 32. Bxe4 Qxd4 33. Bxc6 Bxc6 34. Rxc6 Nc5 35. Ne2 Qb4 36. f3 Rf6 37. Rc7+ Kg8 38. Kh1 Qh4 39. Qc3 Re8 40. Nd4 Qf4 41. Ra7 Ne4 42. Qc4+ Kh8 43. Ne2 Qd6 44. Rc1 Nc5 45. Nc3 Rfe6 46. Ne4 Nxe4 47. fxe4 Rxe4 48. Qxe4 1-0

[Event "Wiesbaden op 29th"]
[Site "Wiesbaden"]
[Date "2017.08.26"]
[Round "4"]
[White "Pohle, Dirk"]
[Black "Spitzl, Vinzent"]
[Result "1/2-1/2"]
[WhiteElo "2180"]
[BlackElo "2310"]
[PlyCount "84"]
[EventDate "2017.08.24"]
[EventType "swiss"]
[EventRounds "7"]
[EventCountry "GER"]
[SourceTitle "CBM 180 Extra"]
[Source "ChessBase"]
[SourceDate "2017.10.06"]
[SourceVersion "1"]
[SourceVersionDate "2017.10.06"]
[SourceQuality "1"]

1. e4 c6 2. c4 d5 3. cxd5 cxd5 4. exd5 Qxd5 5. Nc3 Qa5 6. d4 e6 7. Nf3 Nf6 8. Bc4 Nbd7 9. Bd2 Qd8 10. 0-0 Nb6 11. Bb3 Be7 12. Qe2 0-0 13. Rfd1 Nbd5 14. Rac1 b6 15. Ne5 Bb7 16. Ne4 Nxe4 17. Qxe4 Rb8 18. Qg4 Nf6 19. Qh3 Nd5 20. Bc2 f5 21. Ba4 Bg5 22. Nc6 Bxc6 23. Bxc6 Bxd2 24. Rxd2 Rc8 25. Rdd1 Qd6 26. Bb5 Rxc1 27. Rxc1 Qb4 28. Bd7 Qd6 29. Bb5 Qb4 30. Bd7 Nf4 31. Qe3 Qd6 32. Bb5 Rd8 33. Bc4 Nd5 34. Qe5 Qxe5 35. dxe5 Rc8 36. Rc2 Kf7 37. a3 Rd8 38. g3 Ke7 39. Bb5 g5 40. Kf1 Rf8 41. Bc6 Rc8 42. Rc4 Rd8 1/2-1/2

[Event "Goch op 22nd"]
[Site "Goch"]
[Date "2011.10.02"]
[Round "7"]
[White "Podzielny, Karl Heinz"]
[Black "Pohle, Dirk"]
[Result "1-0"]
[WhiteElo "2470"]
[BlackElo "2215"]
[PlyCount "85"]
[EventDate "2011.09.29"]
[EventType "swiss"]
[EventRounds "7"]
[EventCountry "GER"]
[SourceTitle "EXT 2014"]
[Source "ChessBase"]
[SourceDate "2013.11.20"]
[SourceVersion "1"]
[SourceVersionDate "2013.11.20"]
[SourceQuality "1"]

1. c4 e5 2. Nc3 Nc6 3. g3 Nf6 4. Bg2 Be7 5. e3 0-0 6. Nge2 Re8 7. 0-0 Bf8 8. a3 Ne7 9. e4 c6 10. d3 d6 11. h3 Rb8 12. a4 b6 13. f4 Bb7 14. g4 exf4 15. Bxf4 Ng6 16. Bg3 Nd7 17. b3 Rc8 18. Ra2 a6 19. Kh1 Nh4 20. Nf4 Nxg2 21. Rxg2 Nc5 22. Rgf2 Rc7 23. Kh2 Rd7 24. b4 Ne6 25. b5 Nxf4 26. Rxf4 cxb5 27. axb5 axb5 28. Nxb5 Bc6 29. Nd4 Qa8 30. Qf3 f6 31. g5 Be7 32. gxf6 Bxf6 33. Rxf6 gxf6 34. Qxf6 Bxe4 35. dxe4 Rg7 36. Nf5 Rg6 37. Nh6+ Rxh6 38. Qxh6 Qxe4 39. Rf4 Qe2+ 40. Bf2 Qb2 41. Rg4+ Kh8 42. Rg2 Rg8 43. Bg3 1-0

[Event "Goch op 22nd"]
[Site "Goch"]
[Date "2011.09.30"]
[Round "3"]
[White "Schaefer, Heiko"]
[Black "Pohle, Dirk"]
[Result "1/2-1/2"]
[WhiteElo "2083"]
[BlackElo "2215"]
[PlyCount "86"]
[EventDate "2011.09.29"]
[EventType "swiss"]
[EventRounds "7"]
[EventCountry "GER"]
[SourceTitle "EXT 2014"]
[Source "ChessBase"]
[SourceDate "2013.11.20"]
[SourceVersion "1"]
[SourceVersionDate "2013.11.20"]
[SourceQuality "1"]

1. Nf3 d5 2. d4 Nf6 3. e3 Bf5 4. c4 c6 5. Nc3 e6 6. Nh4 Bg4 7. Qb3 b6 8. h3 Bh5 9. g4 Ne4 10. cxd5 Nxc3 11. Qxc3 exd5 12. Nf5 Bg6 13. Bd3 h5 14. Rg1 hxg4 15. hxg4 a5 16. a3 Bxf5 17. gxf5 Bb4 18. axb4 axb4 19. Rxa8 bxc3 20. bxc3 0-0 21. e4 Qh4 22. e5 Qh2 23. Rg3 Qh1+ 24. Kd2 Kh8 25. Kc2 c5 26. dxc5 bxc5 27. f6 g6 28. e6 c4 29. Bxg6 fxg6 30. e7 Qe4+ 31. Kb2 Qe2+ 32. Ka1 Re8 33. f7 Qxe7 34. fxe8Q+ Qxe8 35. Be3 Kg7 36. Bd4+ Kh6 37. Re3 Qb5 38. Be5 Nc6 39. Bf6 g5 40. Rg3 Qb3 41. Bxg5+ Kh7 42. Bc1 Qd1 43. Kb1 Qb3+ 1/2-1/2

[Event "Bayern-chI Bank Hofmann 14th"]
[Site "Bad Wiessee"]
[Date "2010.11.03"]
[Round "6"]
[White "Ringoir, Tanguy"]
[Black "Pohle, Dirk"]
[Result "1-0"]
[WhiteElo "2379"]
[BlackElo "2186"]
[PlyCount "105"]
[EventDate "2010.10.30"]
[EventType "swiss"]
[EventRounds "9"]
[EventCountry "GER"]
[SourceTitle "EXT 2011"]
[Source "ChessBase"]
[SourceDate "2010.11.26"]
[SourceVersion "1"]
[SourceVersionDate "2010.11.26"]
[SourceQuality "1"]

1. e4 c5 2. c3 e6 3. d4 d5 4. exd5 exd5 5. Nf3 Nf6 6. Bb5+ Bd7 7. Bxd7+ Nbxd7 8. 0-0 Be7 9. dxc5 Nxc5 10. Be3 Ne6 11. Qa4+ Qd7 12. Qxd7+ Nxd7 13. Nbd2 0-0 14. Rad1 Nf6 15. Rfe1 Rfe8 16. Nf1 Bf8 17. Bd4 Nxd4 18. Nxd4 Rxe1 19. Rxe1 Re8 20. Ne3 g6 21. Rd1 Bh6 22. Ndc2 Re5 23. Kf1 Kf8 24. Rd4 Re4 25. Rd3 Re5 26. g3 Bxe3 27. Nxe3 a5 28. f4 Re7 29. Kg2 h5 30. h3 Rd7 31. g4 hxg4 32. hxg4 Ke7 33. g5 Nh5 34. Kf3 Ke6 35. c4 dxc4 36. Rxd7 Kxd7 37. Nxc4 b5 38. Nxa5 Kd6 39. Nb7+ Kd5 40. Nd8 f6 41. gxf6 Nxf6 42. Nf7 Ne4 43. Ke3 Ng3 44. Nh8 Nf5+ 45. Kf3 Ne7 46. Kg4 b4 47. Kg5 Ke4 48. Nxg6 Nxg6 49. Kxg6 Kxf4 50. Kf6 Ke4 51. Ke6 Kd3 52. Kd5 Kc2 53. b3 1-0

[Event "Goch op 21st"]
[Site "Goch"]
[Date "2010.10.03"]
[Round "7"]
[White "Pohle, Dirk"]
[Black "Gross, Karl"]
[Result "1-0"]
[WhiteElo "2186"]
[BlackElo "2096"]
[PlyCount "75"]
[EventDate "2010.09.30"]
[EventType "swiss"]
[EventRounds "7"]
[EventCountry "GER"]
[SourceTitle "EXT 2012"]
[Source "ChessBase"]
[SourceDate "2011.11.24"]
[SourceVersion "1"]
[SourceVersionDate "2011.11.24"]
[SourceQuality "1"]

1. e4 g6 2. d4 Bg7 3. Nf3 d6 4. Bc4 e6 5. 0-0 Ne7 6. Qe2 0-0 7. Rd1 d5 8. Bb3 c6 9. e5 Nd7 10. c3 h6 11. Bc2 b6 12. Bf4 Re8 13. h4 Nf5 14. g3 Nf8 15. Kg2 Nh7 16. Rh1 h5 17. Bg5 Nxg5 18. hxg5 c5 19. Qd2 Bb7 20. Qf4 Ba6 21. Nbd2 cxd4 22. cxd4 Rc8 23. Ba4 b5 24. Bb3 Kf8 25. Ne1 Qb6 26. Ndf3 b4 27. Qd2 Rc7 28. Nc2 Rb8 29. Ne3 Nxe3+ 30. fxe3 Rbc8 31. g4 hxg4 32. Ne1 Qb5 33. Bd1 Ke7 34. a3 bxa3 35. Rxa3 Kf8 36. Nd3 Qb7 37. Rb3 Bb5 38. Qb4+ 1-0

[Event "NRW-ch"]
[Site "Moenchengladbach"]
[Date "2009.10.12"]
[Round "3"]
[White "Sponheim, Marko"]
[Black "Pohle, Dirk"]
[Result "1/2-1/2"]
[WhiteElo "2094"]
[BlackElo "2206"]
[PlyCount "119"]
[EventDate "2009.10.10"]
[EventType "swiss"]
[EventRounds "7"]
[EventCountry "GER"]
[SourceTitle "CBM 132 Extra"]
[Source "ChessBase"]
[SourceDate "2009.11.03"]
[SourceVersion "1"]
[SourceVersionDate "2009.11.03"]
[SourceQuality "1"]

1. e4 c5 2. Nf3 Nc6 3. d4 cxd4 4. Nxd4 e6 5. Nb5 a6 6. Nd6+ Bxd6 7. Qxd6 Qe7 8. Qxe7+ Ngxe7 9. Nc3 Nb4 10. Kd1 f5 11. a3 Nbc6 12. Be3 fxe4 13. Nxe4 d5 14. Nd6+ Kd7 15. Nxc8 Raxc8 16. f4 Nf5 17. Bf2 Nd6 18. Bd3 Rcf8 19. Be3 h5 20. Ke2 Nf5 21. c3 Kd6 22. Raf1 Re8 23. Bf2 Rhf8 24. b4 Kc7 25. Kd2 Rf6 26. Rhg1 Rh8 27. g3 Kd7 28. a4 Nd6 29. Bc5 Rc8 30. a5 Nc4+ 31. Bxc4 dxc4 32. Kc2 Ke8 33. Re1 Kf7 34. Re4 Rf5 35. Rxc4 Nxa5 36. Rd4 Rd5 37. Rxd5 exd5 38. Rd1 Nc6 39. Rxd5 b6 40. Bd6 Ke6 41. Rd2 Rd8 42. Bc7 Rxd2+ 43. Kxd2 b5 44. Ke3 Kd5 45. h3 Ne7 46. g4 hxg4 47. hxg4 g6 48. Bd8 Nc6 49. Bc7 Ne7 50. Be5 Ng8 51. Bg7 Ne7 52. Bf6 Nc6 53. f5 gxf5 54. gxf5 a5 55. bxa5 Nxa5 56. Kd3 Nc4 57. Bd4 Nd6 58. f6 Nf7 59. Ke3 Nd6 60. Kd3 1/2-1/2

[Event "Goch op 20th"]
[Site "Goch"]
[Date "2009.10.04"]
[Round "7"]
[White "Pohle, Dirk"]
[Black "Nilsen, Joachim Birger"]
[Result "1-0"]
[WhiteElo "2206"]
[BlackElo "2082"]
[PlyCount "109"]
[EventDate "2009.10.01"]
[EventType "swiss"]
[EventRounds "7"]
[EventCountry "GER"]
[SourceTitle "EXT 2011"]
[Source "ChessBase"]
[SourceDate "2010.11.26"]
[SourceVersion "1"]
[SourceVersionDate "2010.11.26"]
[SourceQuality "1"]

1. e4 c5 2. Nf3 Nc6 3. d4 cxd4 4. Nxd4 g6 5. Nxc6 bxc6 6. c4 Bg7 7. Bd3 Nf6 8. 0-0 d6 9. Nc3 0-0 10. Qe2 Nd7 11. Bd2 Nc5 12. Rac1 a5 13. b3 Ne6 14. Be3 Nd4 15. Qd2 c5 16. Bxd4 Bxd4 17. Nb5 Bg7 18. Bc2 Bd7 19. a4 Bxb5 20. axb5 e6 21. Qe2 Bd4 22. Kh1 Qc7 23. f4 Rae8 24. g4 Qd8 25. Qg2 Kh8 26. Qh3 e5 27. f5 Qg5 28. Rcd1 Kg7 29. Qg3 h5 30. gxh5 Qxg3 31. hxg3 g5 32. f6+ Kh6 33. Rd2 Ra8 34. Bd1 Rfd8 35. Ra2 Bc3 36. Bg4 Bd4 37. Rf3 Rdb8 38. Kg2 Ra7 39. Bf5 Raa8 40. Kh3 Ra7 41. Kg4 Bg1 42. Rf1 Bd4 43. Rd1 Raa8 44. Bd7 Ra7 45. Bc6 Rb6 46. Bd5 Rb8 47. Rd3 Rb6 48. Rf3 Rb8 49. Rf5 Rg8 50. b6 Ra6 51. b7 Bc3 52. Rf3 Be1 53. Bxf7 Rf8 54. Bd5 Rxf6 55. Rxf6+ 1-0

[Event "Merano Cup Gold 37th"]
[Site "Merano"]
[Date "2009.04.20"]
[Round "4"]
[White "Klages, Hans Juergen"]
[Black "Pohle, Dirk"]
[Result "1/2-1/2"]
[WhiteElo "2019"]
[BlackElo "2206"]
[PlyCount "92"]
[EventDate "2009.04.17"]
[EventType "swiss"]
[EventRounds "9"]
[EventCountry "ITA"]
[SourceTitle "CBM 130 Extra"]
[Source "ChessBase"]
[SourceDate "2009.07.02"]
[SourceVersion "2"]
[SourceVersionDate "2009.07.15"]
[SourceQuality "1"]

1. d3 d5 2. Nd2 e5 3. e4 Nf6 4. Ngf3 Nc6 5. Be2 Be7 6. 0-0 Be6 7. a3 a5 8. b3 0-0 9. Bb2 Nd7 10. exd5 Bxd5 11. c4 Be6 12. d4 exd4 13. Nxd4 Nxd4 14. Bxd4 Bd6 15. f4 f5 16. g3 Qe7 17. Bf3 c6 18. Re1 Nf6 19. Kh1 Rfe8 20. c5 Bc7 21. Qc2 Qf7 22. Bxf6 Qxf6 23. Nc4 Qd4 24. Ne3 Qf6 25. Rad1 Rad8 26. Nc4 Rxd1 27. Rxd1 Rd8 28. Nd6 Bxd6 29. cxd6 g6 30. b4 axb4 31. axb4 Bf7 32. Qc5 Rd7 33. b5 cxb5 34. Bxb7 Kg7 35. Bc6 Rd8 36. Bxb5 Bb3 37. Rd3 Qa1+ 38. Kg2 Qb2+ 39. Kh3 Bf7 40. Bc4 Bxc4 41. Qxc4 Qf6 42. Qc7+ Kh6 43. d7 Qe7 44. Qc6 Qe2 45. Qd5 Qf1+ 46. Kh4 Qe2 1/2-1/2

[Event "Merano Cup Gold 37th"]
[Site "Merano"]
[Date "2009.04.19"]
[Round "3"]
[White "Pohle, Dirk"]
[Black "Winter, Rudolf"]
[Result "1-0"]
[WhiteElo "2206"]
[BlackElo "1879"]
[PlyCount "73"]
[EventDate "2009.04.17"]
[EventType "swiss"]
[EventRounds "9"]
[EventCountry "ITA"]
[SourceTitle "CBM 130 Extra"]
[Source "ChessBase"]
[SourceDate "2009.07.02"]
[SourceVersion "2"]
[SourceVersionDate "2009.07.15"]
[SourceQuality "1"]

1. e4 e5 2. Nf3 d6 3. d4 exd4 4. Nxd4 Nf6 5. Nc3 Be7 6. f3 0-0 7. Be3 a6 8. Qd2 Bd7 9. g4 Nc6 10. 0-0-0 Ne5 11. Be2 b5 12. g5 Nh5 13. f4 Nc4 14. Bxc4 bxc4 15. Qe2 g6 16. Qxc4 c5 17. Nde2 Bb5 18. Nxb5 axb5 19. Qxb5 Rxa2 20. Nc3 Ra5 21. Qb7 Re8 22. Rhe1 Ra1+ 23. Kd2 Rxd1+ 24. Rxd1 Qa5 25. Qd7 Kf8 26. Qb5 Qa8 27. Nd5 Rb8 28. Qd7 Rb7 29. Qc6 Qa5+ 30. b4 Qb5 31. Qxb5 Rxb5 32. c4 Rb7 33. bxc5 dxc5 34. Kc3 f6 35. Nxe7 Rxe7 36. Bxc5 Nxf4 37. gxf6 1-0

[Event "Niederrhein-ch"]
[Site "Moers"]
[Date "2009.04.05"]
[Round "3"]
[White "Blomel, Christopher"]
[Black "Pohle, Dirk"]
[Result "0-1"]
[WhiteElo "2052"]
[BlackElo "2152"]
[PlyCount "110"]
[EventDate "2009.04.03"]
[EventType "swiss"]
[EventRounds "9"]
[EventCountry "GER"]
[SourceTitle "EXT 2010"]
[Source "ChessBase"]
[SourceDate "2010.11.25"]
[SourceVersion "1"]
[SourceVersionDate "2010.11.25"]
[SourceQuality "1"]

1. f4 g6 2. Nf3 Bg7 3. g3 d5 4. Bg2 Nd7 5. 0-0 c6 6. d3 Qb6+ 7. d4 Ngf6 8. Nc3 0-0 9. e3 Rd8 10. Ne5 a5 11. b3 Qb4 12. Qe1 c5 13. Nd3 Qb6 14. Na4 Qc6 15. Naxc5 Nxc5 16. Nxc5 b6 17. Na4 Ba6 18. c4 Bxc4 19. Rf2 Bb5 20. Nc3 Ng4 21. Rc2 Bd3 22. Rd2 Ba6 23. Bb2 Qe6 24. e4 dxe4 25. Qxe4 Qxe4 26. Nxe4 Rac8 27. Re1 e6 28. h3 Nf6 29. Nxf6+ Bxf6 30. Red1 Be7 31. a3 Rd7 32. d5 Rcd8 33. Bc3 Bc5+ 34. Bd4 Bxd4+ 35. Rxd4 exd5 36. Rxd5 Rxd5 37. Rxd5 Rxd5 38. Bxd5 Kf8 39. Kf2 Ke7 40. Ke3 Bc8 41. g4 f6 42. Kd4 Kd6 43. b4 axb4 44. axb4 g5 45. fxg5 fxg5 46. Be4 h6 47. Ba8 Ba6 48. Bg2 Bb5 49. Ke3 Ke5 50. Bb7 Bf1 51. Kf3 Kd4 52. Kg3 Kc3 53. h4 Kxb4 54. hxg5 hxg5 55. Kf3 Kc3 0-1

[Event "Niederrhein-ch"]
[Site "Moers"]
[Date "2009.04.03"]
[Round "1"]
[White "Zahn, Richard"]
[Black "Pohle, Dirk"]
[Result "1-0"]
[WhiteElo "1966"]
[BlackElo "2152"]
[PlyCount "114"]
[EventDate "2009.04.03"]
[EventType "swiss"]
[EventRounds "9"]
[EventCountry "GER"]
[SourceTitle "EXT 2010"]
[Source "ChessBase"]
[SourceDate "2010.11.25"]
[SourceVersion "1"]
[SourceVersionDate "2010.11.25"]
[SourceQuality "1"]

1. e4 e5 2. d4 exd4 3. Nf3 Nc6 4. Nxd4 d6 5. Be2 Bd7 6. 0-0 h6 7. Re1 Qf6 8. c3 0-0-0 9. Bg4 Nge7 10. Bxd7+ Rxd7 11. Be3 a6 12. Nd2 g5 13. b4 Ne5 14. Qa4 c5 15. b5 d5 16. N4b3 N7g6 17. exd5 Nd3 18. Ne4 Qb6 19. bxa6 bxa6 20. Reb1 Qb5 21. Nbxc5 Qxa4 22. Nxa4 Re7 23. Nd6+ Kc7 24. Nc4 Re4 25. Bd4 Rg8 26. Rd1 Ndf4 27. f3 Re2 28. Bf2 Rc2 29. Rd2 Rxd2 30. Nxd2 Nxd5 31. Rb1 Be7 32. Nb3 Ngf4 33. Nd4 Bf6 34. Kf1 Nd3 35. Rd1 Nxf2 36. Kxf2 Rd8 37. Ne2 Be7 38. c4 Nb4 39. Rxd8 Bxd8 40. Nec3 Kc6 41. Ke3 f5 42. g4 Nc2+ 43. Kd3 Nb4+ 44. Kd2 f4 45. a3 Ba5 46. axb4 Bxb4 47. Kd3 Be7 48. Ke4 Bf6 49. Nd5 Bd8 50. Ke5 Ba5 51. Kf6 Kd6 52. Kf5 Bd8 53. Nf6 Ke7 54. Nc5 a5 55. Nd5+ Kf7 56. Nb7 Ke8 57. Nxd8 Kxd8 1-0

[Event "Goch op 19th"]
[Site "Goch"]
[Date "2008.10.12"]
[Round "7"]
[White "Pohle, Dirk"]
[Black "Welzel, Philipp"]
[Result "1-0"]
[WhiteElo "2173"]
[BlackElo "1993"]
[PlyCount "69"]
[EventDate "2008.10.09"]
[EventType "swiss"]
[EventRounds "7"]
[EventCountry "GER"]
[SourceTitle "EXT 2011"]
[Source "ChessBase"]
[SourceDate "2010.11.26"]
[SourceVersion "1"]
[SourceVersionDate "2010.11.26"]
[SourceQuality "1"]

1. e4 c5 2. Nf3 d6 3. d4 cxd4 4. Nxd4 Nf6 5. Nc3 a6 6. Bg5 e6 7. Qd2 h6 8. Be3 Qc7 9. f4 b5 10. a3 Bb7 11. Bd3 Nbd7 12. Nb3 Be7 13. Qe2 Rc8 14. 0-0 e5 15. Nd2 h5 16. h3 h4 17. Qf2 Nh5 18. fxe5 Nxe5 19. Bf4 Nxf4 20. Qxf4 Rh6 21. Kh1 Rf6 22. Qe3 Rg6 23. Nf3 Nc4 24. Bxc4 Qxc4 25. Nd4 Qc5 26. Rf5 Qb6 27. Nd5 Bxd5 28. exd5 Rg3 29. Qf2 Bf6 30. Re1+ Kd7 31. Rxf6 gxf6 32. Re7+ Kd8 33. Qxf6 Qxd4 34. Qxd4 Kxe7 35. Qxh4+ 1-0

[Event "Merano Gold Cup 36th"]
[Site "Merano"]
[Date "2008.04.11"]
[Round "8"]
[White "Pohle, Dirk"]
[Black "Jaeger, Erich"]
[Result "1/2-1/2"]
[WhiteElo "2188"]
[BlackElo "2038"]
[PlyCount "38"]
[EventDate "2008.04.04"]
[EventType "swiss"]
[EventRounds "9"]
[EventCountry "ITA"]
[SourceTitle "EXT 2015"]
[Source "ChessBase"]
[SourceDate "2014.11.20"]
[SourceVersion "1"]
[SourceVersionDate "2014.11.20"]
[SourceQuality "1"]

1. e4 c5 2. Nf3 e6 3. d4 cxd4 4. Nxd4 Nc6 5. Nc3 a6 6. Be3 d6 7. Qd2 Nf6 8. f4 Qc7 9. Be2 Be7 10. Nb3 b5 11. Bf3 0-0 12. 0-0 Bb7 13. g4 Rfd8 14. g5 Nd7 15. Qf2 b4 16. Na4 Rab8 17. Nb6 Nc5 18. Nxc5 dxc5 19. Nc4 Nd4 1/2-1/2